ბათუმის შოთა რუსთაველის სახელმწიფო უნივერსიტეტის ბიბლიოთეკა

Computer networks / (ბიბ.ჩანაწერი № 57455)

000 -LEADER
fixed length control field 01034cam a22003014a 4500
001 - CONTROL NUMBER
control field 12842360
005 - DATE AND TIME OF LATEST TRANSACTION
control field 20200623141458.0
008 - FIXED-LENGTH DATA ELEMENTS--GENERAL INFORMATION
fixed length control field 020703s2003 njua b 001 0 eng
010 ## - LIBRARY OF CONGRESS CONTROL NUMBER
LC control number 2002029263
020 ## - INTERNATIONAL STANDARD BOOK NUMBER
International Standard Book Number 0130661023
020 ## - INTERNATIONAL STANDARD BOOK NUMBER
International Standard Book Number 97801306610229
040 ## - CATALOGING SOURCE
Original cataloging agency DLC
Transcribing agency DLC
Modifying agency DLC
042 ## - AUTHENTICATION CODE
Authentication code pcc
050 00 - LIBRARY OF CONGRESS CALL NUMBER
Classification number TK5105.5
Item number .T36 2003
080 ## - UNIVERSAL DECIMAL CLASSIFICATION NUMBER
Universal Decimal Classification number 004.7 T-19
082 00 - DEWEY DECIMAL CLASSIFICATION NUMBER
Classification number 004.6
Edition number 21
100 1# - MAIN ENTRY--PERSONAL NAME
Personal name Tanenbaum, Andrew S.,
Dates associated with a name 1944-
9 (RLIN) 8708
245 10 - TITLE STATEMENT
Title Computer networks /
Statement of responsibility, etc. Andrew S. Tanenbaum.
250 ## - EDITION STATEMENT
Edition statement 4th ed.
260 ## - PUBLICATION, DISTRIBUTION, ETC.
Place of publication, distribution, etc. Upper Saddle River, NJ :
Name of publisher, distributor, etc. Prentice Hall PTR,
Date of publication, distribution, etc. c2003.
300 ## - PHYSICAL DESCRIPTION
Extent xx, 891 p. :
Other physical details ill. ;
Dimensions 25 cm.
504 ## - BIBLIOGRAPHY, ETC. NOTE
Bibliography, etc. note Includes bibliographical references (p. 835-868) and index.
650 #0 - SUBJECT ADDED ENTRY--TOPICAL TERM
Topical term or geographic name entry element Computer networks.
9 (RLIN) 8709
653 ## - INDEX TERM--UNCONTROLLED
keyword კომპიუტერული ტექნოლოგიები
906 ## - LOCAL DATA ELEMENT F, LDF (RLIN)
a 7
b cbc
c orignew
d 1
e ocip
f 20
g y-gencatlg
942 ## - ADDED ENTRY ELEMENTS (KOHA)
Source of classification or shelving scheme
Koha item type წიგნი
ეგზემპლარები
Withdrawn status Lost status Source of classification or shelving scheme Damaged status Not for loan Permanent Location Current Location Shelving location Date acquired Cost, normal purchase price Full call number Barcode Date last seen Copy number Price effective from Koha item type Public note
          ბათუმის შოთა რუსთაველის სახელმწიფო უნივერსიტეტის მთავარი ბიბლიოთეკა ბათუმის შოთა რუსთაველის სახელმწიფო უნივერსიტეტის მთავარი ბიბლიოთეკა წიგნსაცავი 2020-06-23 131.00 004.7 T-19 60651 2020-06-23 60651 2020-06-23 წიგნი 131 ლ.